| Tag |
First Indicator |
Second Indicator |
Subfields |
| LEADER |
00000cam a2200000 a 4500 |
| 001 |
in00002425479 |
| 005 |
20151109130209.0 |
| 008 |
900406s1989 nyua 000 1 eng |
| 010 |
|
|
|a 90141524
|
| 019 |
|
|
|a 21409874
|
| 035 |
|
|
|a (OCoLC)ocm20567193
|
| 035 |
|
|
|a (OCoLC)20567193
|z (OCoLC)21409874
|
| 040 |
|
|
|a DLC
|c DLC
|d SVP
|d UUC
|d OCLCQ
|d BTCTA
|d LVB
|d OCLCG
|d TXA
|d UtOrBLW
|
| 049 |
|
|
|a TXAM
|
| 050 |
0 |
0 |
|a PN6120.95.F25
|b M3 1989
|
| 082 |
0 |
0 |
|a 808.83/8766
|2 20
|
| 245 |
0 |
0 |
|a Masterpieces of fantasy and wonder /
|c compiled by David G. Hartwell with the assistance of Kathryn Cramer.
|
| 264 |
|
1 |
|a Garden City, N.Y. :
|b Doubleday Book & Music Clubs,
|c [1989]
|
| 264 |
|
4 |
|c ©1989
|
| 300 |
|
|
|a xvi, 656 pages :
|b illustrations ;
|c 22 cm.
|
| 336 |
|
|
|a text
|b txt
|2 rdacontent
|
| 337 |
|
|
|a unmediated
|b n
|2 rdamedia
|
| 338 |
|
|
|a volume
|b nc
|2 rdacarrier
|
| 500 |
|
|
|a The Cushing Library/Science Fiction copy is part of the Avram Davidson Collection.
|
| 500 |
|
|
|a The Cushing Library/Science Fiction copy contains a letter from publisher indicating this was a copy given as thanks to contributors.
|
| 505 |
0 |
|
|a Green is the color / John M. Ford -- Wooden Tony / Lucy Clifford -- Lest levitation come upon us / Suzette Haden Elgin -- Prince Bull / Charles Dickens -- The triumph of vice / W.S. Gilbert -- Turandina / Fyodor Sologub -- Princess and the frog / Robin McKinkey -- Darkness box / Ursula K. LeGuin -- Jack and the beanstalk / Osbert Sitwell -- Petr Pan ; The thrush's nest ; Lock-out time / J.M. Barrie -- The mouse festival / Johannes Bobrowski -- A proper Santa Claus / Anne McCaffrey -- Inside out / Rudy Rucker -- Facts concerning the recent carnival of crime / Mark Twain -- Woman who thoght she could read / Avram Davidson -- The third level / Jack Finney.
|
| 505 |
0 |
|
|a (cont.) -- Griffin and the minor canon / Frank R. Stockton -- Man who sold rope to the gnoles / Margaret St. Clair -- The dragons / Murilo Rubaio -- On the downhill side / Harlan Ellison -- The parrot / Isaac Bashevis Singer -- Gray wolf / George MacDonald -- Harrowing of the dragon of Hoarsbreath / Patricia A. McKillip -- Last of the dragons / Edith Nesbit -- Lila the werewolf / Peter S. Beagle -- Drowned giant / J.G. Ballard -- Enchanted buffalo / L. Frank Baum -- Narrow valley / R.A. Lafferty -- Beyond the dead reef / James Tiptree, Jr.-- King's bride / E.T.A. Hoffmann -- Under the garden / Graham Greene -- Things that are gods / John Brunner -- King of Nodland and his dwarf / Fitz-James O'Brien -- Seventeen virgins / Bagful of dreams / Jack Vance -- Hollow land / William Morris.
|
| 650 |
|
0 |
|a Fantasy literature
|y 19th century.
|
| 650 |
|
0 |
|a Fantasy literature
|y 20th century.
|
| 655 |
|
7 |
|a Fantasy fiction.
|2 gsafd
|
| 655 |
|
7 |
|a Short stories.
|2 lcgft
|
| 650 |
|
6 |
|a Littérature fantastique
|y 19e siècle
|v Anthologies.
|
| 650 |
|
6 |
|a Littérature fantastique
|y 20e siècle
|v Anthologies.
|
| 700 |
1 |
|
|a Hartwell, David G.
|
| 700 |
1 |
|
|a Cramer, Kathryn,
|d 1962-
|
| 938 |
|
|
|a Baker and Taylor
|b BTCP
|n 90141524
|
| 948 |
|
|
|a cataloged
|b h
|c 2008/10/7
|d c
|e ceaton
|f 9:43:28 am
|
| 994 |
|
|
|a C0
|b TXA
|
| 999 |
|
|
|a MARS
|
| 999 |
f |
f |
|s 28788209-1e15-352f-a352-295d341ecc84
|i eddd4c88-9682-35a9-994c-e36aa5c0059f
|t 0
|
| 952 |
f |
f |
|p noncirc
|a Texas A&M University
|b College Station
|c Cushing Memorial Library & Archives
|d Cushing: Science Fiction (Does not check out)
|t 0
|e PN6120.95.F25 M3 1989
|h Library of Congress classification
|i unmediated -- volume
|
| 998 |
f |
f |
|a PN6120.95.F25 M3 1989
|t 0
|l Cushing: Science Fiction (Does not check out)
|